|
|
|
|
| LEADER |
01157nas a2200277 a 4500 |
| 005 |
20171129121022.0 |
| 006 |
a|||||r|||| 00| 0 |
| 007 |
ta |
| 008 |
171129c2015 bg mr|p|rg||| 00| 00eng d |
| 999 |
|
|
|c 38675
|d 38675
|
| 022 |
|
|
|a 2414-3367
|
| 040 |
|
|
|a BD-DhAAL
|
| 082 |
|
|
|a 307.1412095492
|2 22
|
| 110 |
|
|
|a BRAC Research and Evaluation Division
|9 24086
|
| 245 |
|
|
|a Engaging men and boys in the journey towards gender equality and women empowerment :
|b gender quality action learning /
|c Rumana Ali /
|
| 260 |
|
|
|a Dhaka :
|b BRAC Research and Evaluation Division,
|c November 2015
|
| 300 |
|
|
|a v. 61 :
|b illustrations ;
|c 24 cm.
|
| 440 |
|
|
|a BRAC Research monograph series,
|9 24092
|v 61
|
| 526 |
|
|
|a AAL
|
| 610 |
|
|
|a BRAC
|9 24087
|
| 650 |
|
|
|a Rural development
|z Bangladesh
|9 24088
|
| 650 |
|
|
|a Public health
|z Bangladesh
|9 24089
|
| 700 |
|
|
|a Ali, Rumana
|9 24090
|
| 700 |
|
|
|9 24091
|
| 942 |
|
|
|2 ddc
|c CR
|
| 952 |
|
|
|0 0
|1 0
|2 ddc
|4 0
|6 307_141209549200000_ENG
|7 1
|9 62060
|a BRACUL
|b BRACUL
|c BRS
|d 2017-11-29
|e Complimentary copy from BRAC
|l 0
|o 307.1412095492 ENG
|p 3010031278
|r 2017-11-29
|t 1
|w 2017-11-29
|y CR
|x Complimentary copy from BRAC; Price not available in register.
|